000 00297nam a22001337a 4500
003 SGT
082 _a340
_bMAC
100 _aMACDONALD A M
245 _aCHAMBERS TWENTIETH CENTURY DICTIONARY
250 _a3
260 _aNEW DELHI
_bALLIED PUBLISHER
_c1975
300 _a1651
942 _2ddc
_cBK
999 _c25540
_d25540